Statistics for How I Met Your Mother Quiz Random

Click here to take the quiz!

General Stats

  • This quiz has been taken 2,910 times
  • The average score is 10 of 15

Answer Stats

HintAnswer% Correct
Which character is a kindergarten teacher?Lily
99%
Who did Ted get left at the altar by?Stella
95%
What attacked Ted on his birthday?goat
89%
What bet do Barney and Marshal have?slap bet
86%
Who is the limo/cab driver?Ranjit
85%
Ted waited for who every halloween?slutty pumpkin
82%
Ted met Victoria where?wedding
79%
What object is yellow and highly significant in the show?Umbrella
75%
What did Lily and Marshall catch in the apartment?cockamouse
73%
What is the name of the bar?Mclarens
68%
Barney beleived his father was who?Bob Barker
59%
Which girl went around telling other women to stay away form barney?Abby
40%
Marshall and Barney had what on the roof of GNB?Conference call
40%
What was the name of Ted's mother's hippie husband?Clint
32%
What was the real name of the Naked Man?Mitch
20%

Score Distribution

Percentile by Number Answered

Percent of People with Each Score

Your Score History

You have not taken this quiz